000 00617nam a2200193 a 4500
001 001106155
003 AM-YeHGA
005 20250617151706.0
008 151014s1945 ||| r 000 0 rus d
040 _aAM-YeHGA
041 0 _arus
100 1 _aНовиков-Прибой, Алексей Силыч
245 1 0 _aЦусима :
_bГлавы из книги /
_cА. Новиков-Прибой.
260 _aБ.г. :
_bВоениздат,
_c1945.
300 _a72 с. :
_bил.
440 0 _aБиблиотека красноармейца
653 0 _aРусская литература
090 _c358137
999 _c356318
_d356318